000 00425nam a2200181Ia 4500
001 16202
005 20260306170252.0
008 260306t2011||||xx |||||||||||||| ||und||
041 _aESP
082 _a347.32
_bI487
100 _aIus Et Veritas
_eAUT
245 0 _aCompendio de mercado de valores
260 _c2011
300 _a645 páginas :
_c24 cm.
650 _aGEN
654 _aCDE
942 _cLIB
_dJUS
_fJUS
_2ddc
_n
999 _c16202
_d16202